Nghệ thuật điêu khắc trên củ quả
Giới thiệu và hướng dẫn cắt tỉa một số loại rau, củ quả, tạo hình nhân vật, 12 con giáp, động vật, rau củ...
Uloženo v:
| Hlavní autor: | |
|---|---|
| Médium: | Kniha |
| Jazyk: | Undetermined |
| Vydáno: |
Hà Nội
Thời đại
2013
|
| Témata: | |
| Tagy: |
Přidat tag
Žádné tagy, Buďte první, kdo otaguje tento záznam!
|
| Thư viện lưu trữ: | Trung tâm Học liệu Trường Đại học Cần Thơ |
|---|
| LEADER | 00784nam a2200205Ia 4500 | ||
|---|---|---|---|
| 001 | CTU_188458 | ||
| 008 | 210402s9999 xx 000 0 und d | ||
| 020 | |c 52000 | ||
| 082 | |a 745 | ||
| 082 | |b Ph561 | ||
| 100 | |a Mai, Phương | ||
| 245 | 0 | |a Nghệ thuật điêu khắc trên củ quả | |
| 245 | 0 | |c Mai Phương ; Tiểu Quỳnh dịch | |
| 260 | |a Hà Nội | ||
| 260 | |b Thời đại | ||
| 260 | |c 2013 | ||
| 520 | |a Giới thiệu và hướng dẫn cắt tỉa một số loại rau, củ quả, tạo hình nhân vật, 12 con giáp, động vật, rau củ... | ||
| 650 | |a Carving (Decorative arts),Khắc (Nghệ thuật trang trí) | ||
| 910 | |a Hải | ||
| 980 | |a Trung tâm Học liệu Trường Đại học Cần Thơ | ||